Ảnh hưởng của mùa và các mức ăn trước phối giống lên năng suất sinh sản của heo nái : (Chuyên ngành chăn nuôi)

Nội dung đề tài điều tra qua sổ sách cơ sở để nắm năng suất sinh sản thực tế của hai đàn heo giống Vĩnh Khánh và Phước Thọ theo từng mùa. thí nghiệm ảnh hưởng của các mưc cho ăn thời kỳ sau cai sữa lên năng suất sinh sản của heo nái....

Cur síos iomlán

Đã lưu trong:
Sonraí Bibleagrafaíochta
Príomhúdar: Phạm, Thị Hồng Điệp
Formáid: Leabhar
Teanga:Undetermined
Foilsithe: Cần Thơ Trường Đại Học Cần Thơ 2007
Ábhair:
Clibeanna: Cuir Clib Leis
Gan Chlibeanna, Bí ar an gcéad duine leis an taifead seo a chlibeáil!
Thư viện lưu trữ: Trung tâm Học liệu Trường Đại học Cần Thơ
LEADER 01209nam a2200229Ia 4500
001 CTU_135873
008 210402s9999 xx 000 0 und d
082 |a 636.4 
082 |b Đ307 
088 |a 60620105 
100 |a Phạm, Thị Hồng Điệp 
245 0 |a Ảnh hưởng của mùa và các mức ăn trước phối giống lên năng suất sinh sản của heo nái : 
245 0 |b (Chuyên ngành chăn nuôi) 
245 0 |c Phạm Thị Hồng Điệp ; Võ Ái Quấc, Nguyễn Nhựt Xuân Dung giáo viên hướng dẫn 
260 |a Cần Thơ 
260 |b Trường Đại Học Cần Thơ 
260 |c 2007 
520 |a Nội dung đề tài điều tra qua sổ sách cơ sở để nắm năng suất sinh sản thực tế của hai đàn heo giống Vĩnh Khánh và Phước Thọ theo từng mùa. thí nghiệm ảnh hưởng của các mưc cho ăn thời kỳ sau cai sữa lên năng suất sinh sản của heo nái. 
650 |a Swine,Nuôi heo 
650 |x Breeding 
904 |i Tuyến 
980 |a Trung tâm Học liệu Trường Đại học Cần Thơ